Hà Nội trong mắt người nước ngoài : Sách tham khảo
Nội dung cuốn sách chia làm hai phần: Phần một: Hà Nội tổng quan, khái quát những nét chính về Hà Nội, giới thiệu danh mục một số tài liệu nước ngoài viết về Thăng Long-Hà Nội; Phần hai: các trích đoạn từ các nguồn tài liệu nước ngo...
محفوظ في:
| المؤلف الرئيسي: | |
|---|---|
| التنسيق: | كتاب |
| اللغة: | Undetermined |
| منشور في: |
Hà Nội
Chính Trị quốc gia
2010
|
| الموضوعات: | |
| الوسوم: |
إضافة وسم
لا توجد وسوم, كن أول من يضع وسما على هذه التسجيلة!
|
| Thư viện lưu trữ: | Trung tâm Học liệu Trường Đại học Cần Thơ |
|---|
| LEADER | 01167nam a2200217Ia 4500 | ||
|---|---|---|---|
| 001 | CTU_159687 | ||
| 008 | 210402s9999 xx 000 0 und d | ||
| 082 | |a 915.97 | ||
| 082 | |b L305 | ||
| 100 | |a Phan, Ngọc Liên | ||
| 245 | 0 | |a Hà Nội trong mắt người nước ngoài : | |
| 245 | 0 | |b Sách tham khảo | |
| 245 | 0 | |c Phan Ngọc Liên, Bùi Thị Thu Hà | |
| 260 | |a Hà Nội | ||
| 260 | |b Chính Trị quốc gia | ||
| 260 | |c 2010 | ||
| 520 | |a Nội dung cuốn sách chia làm hai phần: Phần một: Hà Nội tổng quan, khái quát những nét chính về Hà Nội, giới thiệu danh mục một số tài liệu nước ngoài viết về Thăng Long-Hà Nội; Phần hai: các trích đoạn từ các nguồn tài liệu nước ngoài viết về Thăng Long-Hà Nội với các thể loại văn học, tài liệu nghiên cứu,... | ||
| 650 | |a Vietnam,Việt Nam | ||
| 650 | |x Description and travel,Mô tả và du hành | ||
| 904 | |i Trọng Hải | ||
| 980 | |a Trung tâm Học liệu Trường Đại học Cần Thơ | ||